Catálogo de la Biblioteca Horacio González - Universidad Nacional de General Sarmiento

Curso de lectocomprensión en inglés : (Registro nro. 47581)

Detalles MARC
000 -CABECERA
campo de control de longitud fija 01146nac a22003370a 4500
001 - NÚMERO DE CONTROL
campo de control PT3176
003 - IDENTIFICADOR DEL NÚMERO DE CONTROL
campo de control AR-LpoUNG
005 - FECHA Y HORA DE LA ÚLTIMA TRANSACCIÓN
campo de control 20260115114854.0
008 - DATOS DE LONGITUD FIJA--INFORMACIÓN GENERAL
campo de control de longitud fija 201001s1999||||ag |||||||||||||||||spa d
020 ## - NÚMERO INTERNACIONAL ESTÁNDAR DEL LIBRO
Número Internacional Estándar del Libro 9879300264
Condiciones de disponibilidad $11
040 ## - FUENTE DE LA CATALOGACIÓN
Centro catalogador/agencia de origen AR-LpoUNG
Lengua de catalogación spa
Normas de descripción aacr
041 ## - CÓDIGO DE LENGUA
Código de lengua del texto/banda sonora o título independiente spa
044 ## - CÓDIGO DEL PAÍS DE LA ENTIDAD EDITORA/PRODUCTORA
Código MARC del país ag
082 0# - NÚMERO DE LA CLASIFICACIÓN DECIMAL DEWEY
Número de clasificación 428 198v1
100 1# - ENTRADA PRINCIPAL--NOMBRE DE PERSONA
Nombre de persona Magno, Cristina
245 10 - MENCIÓN DE TÍTULO
Título Curso de lectocomprensión en inglés :
Resto del título módulo I
250 ## - MENCIÓN DE EDICIÓN
Mención de edición 1ra. ed.
260 ## - PUBLICACIÓN, DISTRIBUCIÓN, ETC.
Lugar de publicación, distribución, etc. Buenos Aires :
Nombre del editor, distribuidor, etc. Universidad Nacional de General Sarmiento,
Fecha de publicación, distribución, etc. agosto de 1999.
300 ## - DESCRIPCIÓN FÍSICA
Extensión 101 p. :
Otras características físicas gráfs.
490 0# - MENCIÓN DE SERIE
Mención de serie Curso de lectocomprensión en inglés
520 ## - SUMARIO, ETC.
Sumario, etc. El objetivo de este curso es posibilitar la comprensión de textos auténticos en idioma inglés, lo que le permitirá al alumno incrementar su autonomía intelectual, insertarse en el mundo laboral y seguir sus estudios superiores.
650 #4 - PUNTO DE ACCESO ADICIONAL DE MATERIA--TÉRMINO DE MATERIA
Término de materia o nombre geográfico como elemento de entrada ENSEÑANZA DE IDIOMAS
650 #4 - PUNTO DE ACCESO ADICIONAL DE MATERIA--TÉRMINO DE MATERIA
Término de materia o nombre geográfico como elemento de entrada INGLES BASICO
650 #4 - PUNTO DE ACCESO ADICIONAL DE MATERIA--TÉRMINO DE MATERIA
Término de materia o nombre geográfico como elemento de entrada LABORATORIOS DE IDIOMA
650 #4 - PUNTO DE ACCESO ADICIONAL DE MATERIA--TÉRMINO DE MATERIA
Término de materia o nombre geográfico como elemento de entrada LENGUA INGLESA
650 #4 - PUNTO DE ACCESO ADICIONAL DE MATERIA--TÉRMINO DE MATERIA
Término de materia o nombre geográfico como elemento de entrada LINGÜISTICA
700 1# - PUNTO DE ACCESO ADICIONAL--NOMBRE DE PERSONA
Nombre de persona Quiroga, Mabel
700 1# - PUNTO DE ACCESO ADICIONAL--NOMBRE DE PERSONA
Nombre de persona Scagnetti, Andrea
905 ## - ELEMENTOS DE DATOS E LOCAL, LDE (RLIN)
a 3176
942 ## - ELEMENTOS DE PUNTO DE ACCESO ADICIONAL (KOHA)
Tipo de ítem Koha Libro
Fuente del sistema de clasificación o colocación Dewey Decimal Classification
Existencias
Estado de retiro Estado de pérdida Fuente del sistema de clasificación o colocación Estado dañado No para préstamo Código de colección Localización permanente Ubicación/localización actual Fecha de adquisición Total de préstamos Signatura topográfica completa Código de barras Fecha visto por última vez Precio válido a partir de Tipo de ítem Koha Renovaciones totales Fecha del último préstamo En préstamo
Retirado   Dewey Decimal Classification   No es para préstamo Colección Ediciones UNGS Biblioteca Universidad Nacional de General Sarmiento Biblioteca Universidad Nacional de General Sarmiento 01/02/2021   428 198v1 CUNGS1322 01/02/2021 01/02/2021 Libro      
          Colección Ediciones UNGS Biblioteca Universidad Nacional de General Sarmiento Biblioteca Universidad Nacional de General Sarmiento 01/02/2021   428 198v1 CUNGS1383 01/02/2021 01/02/2021 Libro      
          Colección General Biblioteca Universidad Nacional de General Sarmiento Biblioteca Universidad Nacional de General Sarmiento 01/02/2021 1 428 198v1 00006716 28/02/2023 01/02/2021 Libro 1 06/02/2023  
          Colección General Biblioteca Universidad Nacional de General Sarmiento Biblioteca Universidad Nacional de General Sarmiento 01/02/2021   428 198v1 00007975 01/02/2021 01/02/2021 Libro      
          Colección General Biblioteca Universidad Nacional de General Sarmiento Biblioteca Universidad Nacional de General Sarmiento 01/02/2021   428 198v1 00011040 01/02/2021 01/02/2021 Libro      
          Colección General Biblioteca Universidad Nacional de General Sarmiento Biblioteca Universidad Nacional de General Sarmiento 01/02/2021 1 428 198v1 00019088 23/11/2021 01/02/2021 Libro   23/11/2021 23/12/2021
          Colección General Biblioteca Universidad Nacional de General Sarmiento Biblioteca Universidad Nacional de General Sarmiento 01/02/2021   428 198v1 S00007298 01/02/2021 01/02/2021 Lectura en Sala      
    Dewey Decimal Classification     Colección General Biblioteca Universidad Nacional de General Sarmiento Biblioteca Universidad Nacional de General Sarmiento 19/03/2023 2 428 198v1 00068186 02/05/2024 19/03/2023 Libro 2 18/04/2024